000 01286nam a2200325 a 4500
001 000109140
003 CHAP
005 20220329144039.0
008 140407s2013 mx | |sm |||||||spa|d
010 _a105602
011 _a106574
040 _cCHAP
090 _aTesis
100 1 _aTomas Mayorquín, Carlos Eduardo
_9126271
245 1 0 _aEstimación de biomasa y carbono mediante ecuaciones alométricas en Quercus laurina Humb y Qercus rugosa Née en predios bajo manejo del ejido de San Pablo Ixayoc, Estado de México
_h[En línea]
_cpor Carlos Eduardo Tomas Mayorquín.
260 _aChapingo, Méx. :
_bEl autor,
_c2013.
500 _aPara ver el contenido del material haga clic en la liga
502 _aTesis (Ing. Forestal) -- UACH. División de Ciencias Forestales
590 _aBATCH-UPD
_b05
_c20140407
_lUCH01
_h0930
590 _aBATCH-UPD
_b05
_c20141002
_lUCH01
_h0859
590 _aE792CSJ
_b05
_c20140407
_lUCH01
_h0929
590 _aE792CSJ
_b05
_c20140407
_lUCH01
_h0929
650 1 4 _aCarbono
_xEfecto en plantas.
_918831
650 1 4 _aQuercus laurina Humb
_xBiomasa.
_9126284
650 1 4 _aQuercus rugosa Née
_xBiomasa.
_9126283
856 _aFinding aid
_uhttp://10.13.5.2/tesis/sist109140.pdf
_zTeclea aquí
901 _aBK
942 _cTESIS
942 _n0
999 _c105602
_d105602